| 000 | 00559nam a2200229Ia 4500 | ||
|---|---|---|---|
| 008 | 210210b2016 xxu||||| |||| 00| 0 eng d | ||
| 020 | _a9788131517161 | ||
| 041 | _aeng | ||
| 082 | _a658.42 KURE | ||
| 100 | _aKURATKO (D F) | ||
| 245 | _aEntrepreneurship: a south asian perspective | ||
| 260 |
_aNew Delhi _bCengage learning _c2016 |
||
| 300 | _axxxii,605 | ||
| 650 | _asouth | ||
| 650 | _aperspective | ||
| 650 | _aEntrepreneurship: | ||
| 650 | _aasian | ||
| 650 | _aa | ||
| 690 | _aEntrepreneurship | ||
| 700 | _aRAO (T V) | ||
| 906 | _a071700 | ||
| 999 |
_c121531 _d121531 |
||